Commercial management and financing of roads (Record no. 28344)

MARC details
000 -LEADER
fixed length control field 00498nam a2200181Ia 4500
020 ## - INTERNATIONAL STANDARD BOOK NUMBER
ISBN 9780821342374
050 ## - CALL MARK
Classification number HE 336.E3 .H44/
100 ## - STATEMENT OF RESPONSIBILITY--MAIN AUTHOR NAME
Personal name Heggie, Ian G.
245 #0 - TITLE STATEMENT
Title Commercial management and financing of roads
260 ## - PUBLICATION, DISTRIBUTION, ETC. (IMPRINT)
Place of publication Washington, D.C.
260 ## - PUBLICATION, DISTRIBUTION, ETC. (IMPRINT)
Name of publisher The World Bank
260 ## - PUBLICATION, DISTRIBUTION, ETC. (IMPRINT)
Year of publication 1998
300 ## - PHYSICAL DESCRIPTION
Number of Pages 158 p
650 ## - SUBJECT ADDED ENTRY--TOPICAL TERM
Topical Term Roads--Finance. Roads--Maintenance and repair--Economic aspects.
942 ## - ADDED ENTRY ELEMENTS (KOHA)
Koha item type Books
Holdings
Withdrawn status Lost status Source of classification or shelving scheme Damaged status Not for loan Permanent Location Current Location Date acquired Accession Number Price effective from Koha item type
    Library of Congress Classification     NILE UNIVERSITY OF NIGERIA - MAIN LIBRARY NILE UNIVERSITY OF NIGERIA - MAIN LIBRARY 04/23/2025 0194588 04/23/2025 Books